Kanye Songs by First Sentence - Easy - Statistics

General Stats
  • This quiz has been taken 144 times
  • The average score is 16 of 24
Answer Stats
Hint Answer % Correct
Work it, make it, do it, makes us Stronger
96%
In the night, i hear ‘em talk Heartless
91%
Fallin’, Dreamin’, Talkin’, in your sleep Violent Crimes
88%
GO GO GO GO Carnival
87%
________, lights, lights, lights, lights, Flashing Lights
87%
She take my money, when I’m in need Gold Digger
87%
Find your dreams come true I Wonder
81%
I’m living in the 21st century, doing something mean to it Power
81%
Diamonds are forever Diamonds from Sierra Leone
80%
Look at ya, look at ya, look at ya, look at ya Runaway
80%
Oh when it all, All Falls Down
74%
Put your hands to the constellations Devil in a New Dress
72%
We at war with terrorism, racism Jesus Walks
68%
Oh, yeah, i got the perfect song for the kids to sing We Don’t Care
66%
My wife said, I can’t say no to nobody Saint Pablo
62%
All, all that glitters is not gold Family Business
61%
My mama was raised in the era when New Slaves
48%
We on a ____________, we on a __________ Ultralight Beam
47%
Everything that has breath, praise the lord God Is
46%
Strange fruit, hanging Blood On The Leaves
43%
See this in 3D, all lights out for me Hurricane
43%
I’m so-I’m so _____, I’m movin’ forward Reborn
34%
I‘ll be honest, we all liars Jail
19%
You need something unexpected, some form of weapon Believe What I Say
16%
No matching quizzes found
Score Distribution
Percent of People with Each Score
Percentile by Number Answered
Your Score History
You have not taken this quiz